| 000 | 00499nam a2200181Ia 4500 | ||
|---|---|---|---|
| 003 | LK-CoDNM | ||
| 008 | 010623t1991 xxu||||| |||| 00| 1 sin d | ||
| 040 |
_aLK-CoDNM _dLK-CoDNM _eLK-CoDNM |
||
| 041 | _asin | ||
| 080 | _ax 82-12 WIJ | ||
| 100 | _aWijayasuriya, Wimala | ||
| 245 | _aජාතක කථා සංග්රහය | ||
| 246 | _aJathaka katha sangrahaya | ||
| 260 |
_bM.D.Gunasena _aColombo _c1991 |
||
| 300 | _b(lxix)238, 18.5 cm | ||
| 650 | _aJathaka stories | ||
| 942 | _cBK | ||
| 999 |
_c115153 _d115153 |
||